000 01358nam a2200325 a 4500
001 ebr10052638
003 CaPaEBR
006 m u
007 cr cn|||||||||
008 970924s1998 maua sb 001 0 eng
010 _z 97035134
020 _z0792380770 (alk. paper)
040 _aCaPaEBR
_cCaPaEBR
035 _a(OCoLC)559538215
050 1 4 _aLB3060.65
_b.O77 1998eb
082 0 4 _a371.26/1
_221
100 1 _aOsterlind, Steven J.
245 1 0 _aConstructing test items
_h[electronic resource] :
_bmultiple-choice, constructed-response, performance, and other formats /
_cSteven J. Osterlind.
250 _a2nd ed.
260 _aBoston :
_bKluwer Academic Publishers,
_cc1998.
300 _avii, 339 p. :
_bill.
490 1 _aEvaluation in education and human services
504 _aIncludes bibliographical references (p. [311]-325) and indexes.
533 _aElectronic reproduction.
_bPalo Alto, Calif. :
_cebrary,
_d2013.
_nAvailable via World Wide Web.
_nAccess may be limited to ebrary affiliated libraries.
650 0 _aExaminations
_xDesign and construction.
655 7 _aElectronic books.
_2local
710 2 _aebrary, Inc.
830 0 _aEvaluation in education and human services.
856 4 0 _uhttp://site.ebrary.com/lib/rucke/Doc?id=10052638
_zAn electronic book accessible through the World Wide Web; click to view
999 _c65507
_d65507